000 00304nam a22001337a 4500
008 170601b xxu||||| |||| 00| 0 eng d
020 _a019520719
041 _aeng
080 _a94
100 _a17
101 _aSHH
245 _aINTERNATIONAL AND INDUSTRIAL CHANGE
_cMURPHY.C.N
942 _2udc
_cBK
999 _c15192
_d15192